[Event "POL-chT4 Kujawsko Pomorskie 0910"]
[Site "Poland"]
[Date "2010.02.07"]
[Round "7.17"]
[White "Sargalski, Andrzej"]
[Black "Komorowski, Piotr"]
[Result "1-0"]
[WhiteElo "1968"]
[BlackElo "1802"]
[PlyCount "63"]
[EventDate "2009.11.08"]
[EventType "team-swiss"]
[EventRounds "11"]
[EventCountry "POL"]
[SourceTitle "EXT 2020"]
[Source "ChessBase"]
[SourceDate "2019.10.17"]
[SourceVersion "1"]
[SourceVersionDate "2019.10.17"]
[SourceQuality "1"]

1. e4 e5 2. Nf3 Nc6 3. Bc4 Bc5 4. c3 h6 5. d4 exd4 6. cxd4 Bb4+ 7. Bd2 Bxd2+ 8. Nbxd2 d6 9. 0-0 Bg4 10. Qb3 Qd7 11. Bxf7+ Qxf7 12. Qxb7 Rb8 13. Qxc6+ Bd7 14. Qxc7 Rc8 15. Qxd6 Rc6 16. Qb8+ Rc8 17. Qxa7 Qf4 18. Rac1 Rd8 19. Nc4 Ne7 20. Nfe5 Bb5 21. Qxe7+ Kxe7 22. Ng6+ Kf7 23. Nxf4 Rxd4 24. b3 g5 25. Nd5 Ba6 26. Rfe1 h5 27. Ne5+ Kg8 28. Rc6 Bb7 29. Rg6+ Kf8 30. Rxg5 Ke8 31. Nc7+ Ke7 32. Ng6+ 1-0

[Event "POL-chT Region 0607"]
[Site "Poland"]
[Date "2007.02.18"]
[Round "8"]
[White "Komorowski, Piotr"]
[Black "Gill, Jacek"]
[Result "1/2-1/2"]
[WhiteElo "1899"]
[BlackElo "1800"]
[PlyCount "101"]
[EventDate "2006.11.12"]
[EventType "team-tourn"]
[EventRounds "11"]
[EventCountry "POL"]
[SourceTitle "EXT 2008"]
[Source "ChessBase"]
[SourceDate "2007.11.25"]
[SourceVersion "1"]
[SourceVersionDate "2007.11.25"]
[SourceQuality "1"]

1. e4 d6 2. Nc3 Nf6 3. d4 g6 4. Nf3 Bg7 5. h3 c6 6. Bd3 0-0 7. 0-0 Qc7 8. Bf4 Nfd7 9. Be3 e5 10. d5 Nf6 11. Qd2 a6 12. Nh2 cxd5 13. exd5 b5 14. a3 Bb7 15. Bh6 Nbd7 16. Bxg7 Kxg7 17. Ng4 Nxg4 18. hxg4 Nf6 19. g5 Nxd5 20. Ne4 f5 21. gxf6+ Nxf6 22. Ng5 Rae8 23. f3 Bc8 24. g4 h6 25. Nh3 e4 26. fxe4 Nxg4 27. Nf4 Qc5+ 28. Kh1 Qg5 29. Qc3+ Kh7 30. Nh3 Qe7 31. Qe1 Rxf1+ 32. Qxf1 Rf8 33. Qg2 Qh4 34. e5 Nxe5 35. Bf1 Qxh3+ 36. Qxh3 Bxh3 37. Bxh3 g5 38. Rd1 Rf6 39. Bf1 h5 40. a4 bxa4 41. Bxa6 Kh6 42. Bb5 g4 43. Bxa4 Nc4 44. b3 Ne3 45. Rd2 g3 46. Bb5 h4 47. Be2 h3 48. Rd3 Re6 49. c4 Kg5 50. b4 Nf5 51. Rd2 1/2-1/2

[Event "Torun-ch"]
[Site "Torun"]
[Date "2006.??.??"]
[Round "8"]
[White "Cichocki, Konrad"]
[Black "Komorowski, Piotr"]
[Result "1-0"]
[WhiteElo "2051"]
[BlackElo "1961"]
[PlyCount "107"]
[EventDate "2006.??.??"]
[EventType "swiss"]
[EventRounds "9"]
[EventCountry "POL"]
[SourceTitle "EXT 2007"]
[Source "ChessBase"]
[SourceDate "2006.11.23"]
[SourceVersion "1"]
[SourceVersionDate "2006.11.23"]
[SourceQuality "1"]

1. d4 d5 2. Nf3 Nf6 3. c4 c6 4. Nc3 Bg4 5. Ne5 e6 6. Nxg4 Nxg4 7. e4 h5 8. Be2 Qf6 9. Bxg4 hxg4 10. cxd5 e5 11. Qxg4 Nd7 12. dxc6 bxc6 13. d5 Bb4 14. 0-0 Bxc3 15. Bg5 Qd6 16. dxc6 f6 17. bxc3 Qxc6 18. Be3 Kf7 19. Rfd1 Nf8 20. Rac1 Re8 21. Bxa7 Ne6 22. Be3 Rh7 23. f3 Reh8 24. h3 Rh4 25. Qg3 g5 26. Qe1 Qc8 27. Qd2 Rd8 28. Qc2 Re8 29. Qa4 Re7 30. Rd6 Kg6 31. Qa6 Qg8 32. Rcd1 Qf7 33. c4 Nc7 34. Qc6 Rh7 35. a4 Ne6 36. a5 Nf4 37. Bxf4 gxf4 38. c5 Rc7 39. Qd5 Qg7 40. Qe6 Rxc5 41. Rd7 Qh8 42. Qf5+ Kh6 43. Rxh7+ Qxh7 44. Qxf6+ Kh5 45. Rd8 Qg8 46. Qf5+ Kh4 47. Qf6+ Kh5 48. Qh8+ Qxh8 49. Rxh8+ Kg6 50. a6 Ra5 51. Ra8 Ra2 52. a7 Kg7 53. Re8 Rxa7 54. Rxe5 1-0

[Event "Torun-ch"]
[Site "Torun"]
[Date "2006.??.??"]
[Round "9"]
[White "Komorowski, Piotr"]
[Black "Wodzynski, Michal"]
[Result "1-0"]
[WhiteElo "1961"]
[BlackElo "1955"]
[PlyCount "92"]
[EventDate "2006.??.??"]
[EventType "swiss"]
[EventRounds "9"]
[EventCountry "POL"]
[SourceTitle "EXT 2007"]
[Source "ChessBase"]
[SourceDate "2006.11.23"]
[SourceVersion "1"]
[SourceVersionDate "2006.11.23"]
[SourceQuality "1"]

1. e4 e5 2. Nf3 Nf6 3. Bc4 Nc6 4. d3 d6 5. h3 Be7 6. Be3 Be6 7. Bxe6 fxe6 8. g4 h6 9. Nc3 d5 10. exd5 exd5 11. d4 Bd6 12. g5 hxg5 13. Bxg5 e4 14. Nh4 Qd7 15. Qd2 0-0-0 16. 0-0-0 Bb4 17. a3 Ba5 18. Qe3 Bb6 19. Rhg1 Ne5 20. b3 Kb8 21. Na4 Nc4 22. Nxb6 Nxb6 23. Rg3 Nh5 24. Bxd8 Nxg3 25. Bxc7+ Qxc7 26. fxg3 Rc8 27. Rd2 Rf8 28. Kb2 a5 29. a4 Qd7 30. g4 Ka7 31. Qc3 Ka6 32. Nf5 Re8 33. Qe3 g6 34. Qe2+ Ka7 35. Ne3 Rh8 36. Qf1 Qc6 37. Re2 Rc8 38. Qe1 Ra8 39. Qd2 Rh8 40. Qe1 Ka6 41. Qf2 Rc8 42. Qe1 Rf8 43. g5 Nd7 44. h4 b6 45. Rf2 Rc8 46. Qd2 Qe6 1-0